| 000 | 01060nam a2200253Ia 4500 | ||
|---|---|---|---|
| 001 | 19452 | ||
| 003 | GE_BSU | ||
| 008 | 181216s||||||||xx |||||||||||||| ||und|| | ||
| 040 | _cGE_BSU | ||
| 080 | _a811.353.3'282 | ||
| 100 | _aიმნაძე, ნათელა | ||
| 245 | _aზანური ენის მეგრული დიალექტის ბგერითი შემადგენლობა | ||
| 245 | _b(ექსპერიმენტული გამოკვლევა) | ||
| 245 | _cრედ.: ზ. ჯაფარიძე | ||
| 250 | _aენათმეცნიერების ინ-ტი | ||
| 260 | _aთბილისი | ||
| 260 | _bმეცნიერება | ||
| 260 | _c1981 | ||
| 300 | _a100გვ; ილ. 9 ფ. ილ; 21სმ | ||
| 300 | _bრეზ. რუს.ენაზე | ||
| 541 | _h1ლ.60თ. | ||
| 653 | _a- ზანური ენის მეგრული დიალექტი; მეგრული ენის ფონეტიკა; | ||
| 942 | _cBK | ||
| 999 |
_c52430 _d52430 |
||